书目信息 |
| 题名: |
集成电路彩色电视机基础与维修
|
|
| 作者: | 李仲君 编 | |
| 分册: | ||
| 出版信息: | 北京 宇航出版社 1988.7 |
|
| 页数: | 261页 | |
| 开本: | 19cm | |
| 丛书名: | ||
| 单 册: | ||
| 中图分类: | TN949.12 | |
| 科图分类: | ||
| 主题词: | PAL制彩色电视-电视接收机 , 电视接收机-PAL制彩色电视 | |
| 电子资源: | ||
| ISBN: | 7-80034-091-0 | |
| 000 | 00892nam0 2200265 45 | |
| 001 | 0189019184 | |
| 005 | 20040706173650.0 | |
| 010 | @a7-80034-091-0@dCNY2.20 | |
| 020 | @aCN@b89019184 | |
| 100 | @a19910513d1988 m y0chiy0120 ea | |
| 101 | 0 | @achi |
| 102 | @aCN@b110000 | |
| 105 | @aa z 000yy | |
| 106 | @ar | |
| 200 | 10 | @a集成电路彩色电视机基础与维修@Aji cheng dian lu cai se dian shi ji ji chu yu wei xiu@f李仲君编@Fli zhong jun bian |
| 210 | @a北京@c宇航出版社@d1988.7 | |
| 215 | @a261页@d19cm | |
| 330 | @a鉴于我国彩色电视采用PAL制,书中介绍了该制式的集成化彩色电视机的基础知识和修理方法。 | |
| 540 | 1 | @a集成电路 彩色电视机@Aji cheng dian lu cai se dian shi ji |
| 606 | @aPAL制彩色电视-电视接收机 | |
| 606 | @a电视接收机-PAL制彩色电视 | |
| 690 | @aTN949.12@v3 | |
| 701 | 0 | @a李仲君@Ali zhong jun@4编 |
| 801 | 0 | @aCN@bNLC@c19910513 |
| 905 | @f1@b216364@dTN949.12@e104 | |
| 集成电路彩色电视机基础与维修/李仲君编.-北京:宇航出版社,1988.7 |
| 261页;19cm |
| ISBN 7-80034-091-0:CNY2.20 |
| 鉴于我国彩色电视采用PAL制,书中介绍了该制式的集成化彩色电视机的基础知识和修理方法。 |
| ● |
| 相关链接 |
|
|
|
|
正题名:集成电路彩色电视机基础与维修
索取号:TN949.12/104
 
预约/预借
| 序号 | 登录号 | 条形码 | 馆藏地/架位号 | 状态 | 备注 |
| 1 | 0216364 | 001953906 | 第二样本阅览室/ [索取号:TN949.12/104] | 在馆 |